<?xml version="1.0" encoding="UTF-8"?>
<marc:record xmlns:marc="http://www.loc.gov/MARC21/slim">
   <marc:leader>00000nam a2200000 a 4500</marc:leader>
   <marc:datafield ind1="1" ind2=" " tag="100">
      <marc:subfield code="a">McEntire, Myra</marc:subfield>
      <marc:subfield code="4">aut</marc:subfield>
      <marc:subfield code="e">Verfasser/-in</marc:subfield>
   </marc:datafield>
   <marc:datafield ind1=" " ind2=" " tag="653">
      <marc:subfield code="a">Jugendbuch</marc:subfield>
   </marc:datafield>
   <marc:datafield ind1=" " ind2=" " tag="653">
      <marc:subfield code="a">Fantasy</marc:subfield>
   </marc:datafield>
   <marc:datafield ind1="0" ind2="0" tag="245">
      <marc:subfield code="a">Das Ende der Zeit</marc:subfield>
   </marc:datafield>
   <marc:datafield ind1="0" ind2="0" tag="245">
      <marc:subfield code="b">Roman ; [Band 3]</marc:subfield>
   </marc:datafield>
   <marc:datafield ind1=" " ind2="1" tag="264">
      <marc:subfield code="b">Goldmann  Verlag</marc:subfield>
      <marc:subfield code="c">2015</marc:subfield>
   </marc:datafield>
   <marc:datafield ind1="1" ind2=" " tag="490">
      <marc:subfield code="a">Hourglass</marc:subfield>
   </marc:datafield>
   <marc:datafield ind1="1" ind2=" " tag="520">
      <marc:subfield code="a">Seit die Mitglieder der geheimen Hourglass-Organisation in die Vergangenheit reisten, um ihren Mentor vor dem sicheren Tod zu retten, ist der Lauf der Zeit gestört. Es gibt nur eine Lösung: Sie müssen das Infinityglass ausfindig machen, denn so kann verhindert werden, dass unliebsame Besucher aus anderen Jahrhunderten die Gegenwart bedrohen. Doch als Dune sich auf den Weg nach New Orleans macht, erfährt er, dass das Infinityglass kein Objekt ist, sondern ausgerechnet die verführerische Tänzerin Hallie ...
</marc:subfield>
   </marc:datafield>
   <marc:datafield ind1=" " ind2=" " tag="020">
      <marc:subfield code="a">9783442482641</marc:subfield>
      <marc:subfield code="9">9783442482641</marc:subfield>
   </marc:datafield>
</marc:record>
